Los hombres de Trasmonte: descripción y análisis de la modalidad de existencia en una comunidad rural de la Galicia interior

Guardat en:
Dades bibliogràfiques
Autor principal: Fidalgo Santamariña, J. Antonio (Autor)
Format: Llibre
Idioma:espanyol
Publicat: Salamanca Universidad Pontificia de Salamanca 1984
Matèries:
Etiquetes: Afegir etiqueta
Sense etiquetes, Sigues el primer a etiquetar aquest registre!

MARC

LEADER 00000nam a2200000 a 4500
001 UCL8492
003 CL-VaPUC
008 040625e19840000SP |||||||||||||||||spa|d
082 0 4 |a 305.8  |b FID  |2 21 
100 0 |a Fidalgo Santamariña, J. Antonio  |e author  |9 486374 
245 1 4 |a Los hombres de Trasmonte: descripción y análisis de la modalidad de existencia en una comunidad rural de la Galicia interior 
300 |a 24 p 
942 |c BK 
945 |d 20040625 00:00:00  |a cmena 
260 |a Salamanca  |b Universidad Pontificia de Salamanca  |c 1984 
650 0 |a Grupos sociales  |9 268887 
650 0 |a Zonas rurales  |9 317366 
650 0 |a Antropología cultural y social   |9 265143 
651 7 |a GALICIA  |2 CL-VaPUC  |9 319581 
651 0 |a España  |9 254926 
583 |a last modification  |c 20040625 00:00:00  |k Rodrigo Vera 
999 |c 309740  |d 309738 
952 |0 0  |1 0  |4 0  |6 305_800000000000000_FID_1984  |7 0  |8 P  |9 377476  |a BIBEDU  |b BIBEDU  |c BIBEDU_PB  |d 2019-11-21  |i 4031806  |o 305.8 FID 1984  |p 4031806  |r 2024-01-25  |w 2019-11-21  |y BK  |k BME